Hindustānī Musalmān āʼīnah-yi ayyām men̲. (Record no. 70406)

MARC details
000 -LEADER
fixed length control field 00611cam a22002411 4500
001 - CONTROL NUMBER
control field sa 66006244
003 - CONTROL NUMBER IDENTIFIER
control field DLC
005 - DATE AND TIME OF LATEST TRANSACTION
control field 20260227112255.0
008 - FIXED-LENGTH DATA ELEMENTS--GENERAL INFORMATION
fixed length control field 890914s1965 ii b 000 0 urdr
010 ## - LIBRARY OF CONGRESS CONTROL NUMBER
LC control number sa 66006244
035 ## - SYSTEM CONTROL NUMBER
System control number (OCoLC)20339837
040 ## - CATALOGING SOURCE
Original cataloging agency DLC
Transcribing agency WaU
Modifying agency DLC
042 ## - AUTHENTICATION CODE
Authentication code premarc
043 ## - GEOGRAPHIC AREA CODE
Geographic area code a-ii---
050 00 - LIBRARY OF CONGRESS CALL NUMBER
Classification number DS427
Item number .H85
100 1# - MAIN ENTRY--PERSONAL NAME
Personal name Husain, Abid,
Dates associated with a name 1898-
245 10 - TITLE STATEMENT
Title Hindustānī Musalmān āʼīnah-yi ayyām men̲.
260 ## - PUBLICATION, DISTRIBUTION, ETC.
Date of publication, distribution, etc. [1965]
300 ## - PHYSICAL DESCRIPTION
Extent 367 p.
Dimensions 23 cm.
500 ## - GENERAL NOTE
General note In Urdu.
504 ## - BIBLIOGRAPHY, ETC. NOTE
Bibliography, etc. note Bibliographical footnotes.
650 #0 - SUBJECT ADDED ENTRY--TOPICAL TERM
Topical term or geographic name entry element Muslims
Geographic subdivision India
General subdivision History.

No items available.

Powered by Koha